[Event "Schleswig Holstein-ch U16 Vormeister"]
[Site "Neumuenster"]
[Date "2011.04.30"]
[Round "8.6"]
[White "Beyer, Lukas"]
[Black "Gutschenreiter, David"]
[Result "0-1"]
[WhiteElo "996"]
[BlackElo "1379"]
[PlyCount "68"]
[EventDate "2011.04.25"]
[EventType "swiss"]
[EventRounds "9"]
[EventCountry "GER"]
[SourceTitle "EXT 2022"]
[Source "ChessBase"]
[SourceDate "2021.10.06"]
[SourceVersion "1"]
[SourceVersionDate "2021.10.06"]
[SourceQuality "1"]

1. e4 g6 2. d4 Bg7 3. d5 d6 4. c4 c6 5. Nc3 Nf6 6. Nf3 0-0 7. Bd3 Bd7 8. 0-0 Na6 9. Be3 Ng4 10. Re1 Nxe3 11. Rxe3 Nc5 12. Rc1 Bh6 13. Qe1 Bxe3 14. Qxe3 Nxd3 15. Qxd3 cxd5 16. cxd5 Rc8 17. e5 dxe5 18. Nxe5 Bf5 19. Qd4 Qc7 20. Re1 f6 21. Nf3 Rfe8 22. h3 a6 23. g4 Bd7 24. h4 Qc4 25. g5 Qxd4 26. Nxd4 fxg5 27. hxg5 Rc4 28. Nf3 Rb4 29. Re2 Bg4 30. Kg2 Rf4 31. Kg3 Ref8 32. Rxe7 Bxf3 33. d6 Bc6 34. d7 R4f7 0-1

[Event "Schleswig Holstein-ch U16 Vormeister"]
[Site "Neumuenster"]
[Date "2011.04.28"]
[Round "5.5"]
[White "Gutschenreiter, David"]
[Black "Heinrich, Sebastian"]
[Result "1/2-1/2"]
[WhiteElo "1379"]
[BlackElo "1179"]
[PlyCount "91"]
[EventDate "2011.04.25"]
[EventType "swiss"]
[EventRounds "9"]
[EventCountry "GER"]
[SourceTitle "EXT 2022"]
[Source "ChessBase"]
[SourceDate "2021.10.06"]
[SourceVersion "1"]
[SourceVersionDate "2021.10.06"]
[SourceQuality "1"]

1. e4 c5 2. Nf3 Nc6 3. d4 cxd4 4. Nxd4 Nf6 5. Nc3 d6 6. Be3 e5 7. Ndb5 a6 8. Na3 Be6 9. Nd5 Bxd5 10. exd5 Qa5+ 11. c3 Nxd5 12. Bd2 Qc7 13. Bc4 Nb6 14. Bd3 g6 15. 0-0 Bg7 16. Nc2 d5 17. Re1 0-0 18. f3 f5 19. g3 e4 20. Bf4 Qe7 21. Qd2 Ne5 22. Bxe5 Bxe5 23. fxe4 dxe4 24. Bf1 Rad8 25. Qg2 Qc5+ 26. Kh1 Nc4 27. Bxc4+ Qxc4 28. Ne3 Qc5 29. Qe2 b5 30. Rad1 h5 31. Ng2 Kg7 32. Rxd8 Rxd8 33. Rd1 Rd6 34. Rxd6 Qxd6 35. Qe3 Kf6 36. Kg1 b4 37. Nf4 bxc3 38. bxc3 Bxf4 39. gxf4 Qd1+ 40. Kg2 Qc2+ 41. Kg3 Qxa2 42. Qd4+ Ke7 43. Qa7+ Kf8 44. Qb8+ Kg7 45. Qe5+ Kh7 46. Qe7+ 1/2-1/2

[Event "Schleswig Holstein-ch U16 Vormeister"]
[Site "Neumuenster"]
[Date "2011.04.26"]
[Round "3.1"]
[White "Gutschenreiter, David"]
[Black "Mieck, Jale"]
[Result "1/2-1/2"]
[WhiteElo "1379"]
[BlackElo "1442"]
[PlyCount "36"]
[EventDate "2011.04.25"]
[EventType "swiss"]
[EventRounds "9"]
[EventCountry "GER"]
[SourceTitle "EXT 2022"]
[Source "ChessBase"]
[SourceDate "2021.10.06"]
[SourceVersion "1"]
[SourceVersionDate "2021.10.06"]
[SourceQuality "1"]

1. e4 c5 2. Nf3 d6 3. d4 cxd4 4. Nxd4 Nf6 5. Nc3 a6 6. Be3 e6 7. f3 b5 8. Qd2 Bb7 9. 0-0-0 b4 10. Nce2 d5 11. exd5 Nxd5 12. Nf4 Nxf4 13. Bxf4 Be7 14. Kb1 Nd7 15. Qe1 Qb6 16. Bc4 Nf6 17. Nb3 0-0 18. h4 Rac8 1/2-1/2

[Event "Schleswig Holstein-ch U16 Vormeister"]
[Site "Neumuenster"]
[Date "2010.04.11"]
[Round "9"]
[White "Von Karger, Viktor"]
[Black "Gutschenreiter, David"]
[Result "1-0"]
[WhiteElo "1500"]
[BlackElo "1108"]
[PlyCount "63"]
[EventDate "2010.04.05"]
[EventType "swiss"]
[EventRounds "9"]
[EventCountry "GER"]
[SourceTitle "EXT 2023"]
[Source "ChessBase"]
[SourceDate "2022.10.05"]
[SourceVersion "1"]
[SourceVersionDate "2022.10.05"]
[SourceQuality "1"]

1. d4 Nf6 2. c4 c5 3. d5 b5 4. e3 d6 5. Bd2 g6 6. Nc3 b4 7. Na4 Bb7 8. Rb1 Bg7 9. a3 a5 10. Bd3 0-0 11. Nf3 Nbd7 12. 0-0 Qc7 13. Ng5 Ne5 14. Be2 Ba6 15. b3 h6 16. Nf3 Ne4 17. Nxe5 Nxd2 18. Qxd2 Bxe5 19. axb4 axb4 20. Nb2 Bc8 21. Nd3 Bf5 22. f3 Bc3 23. Qc2 Qa5 24. e4 Qa2 25. Qxa2 Rxa2 26. Nc1 Bd4+ 27. Kh1 Bxe4 28. fxe4 Rd2 29. Bf3 Ra8 30. Rd1 Rc2 31. Nd3 Raa2 32. Nxb4 1-0

[Event "Schleswig Holstein-ch U16 Vormeister"]
[Site "Neumuenster"]
[Date "2010.04.10"]
[Round "8"]
[White "Gutschenreiter, David"]
[Black "Funk, Moritz"]
[Result "1/2-1/2"]
[WhiteElo "1108"]
[BlackElo "1561"]
[PlyCount "61"]
[EventDate "2010.04.05"]
[EventType "swiss"]
[EventRounds "9"]
[EventCountry "GER"]
[SourceTitle "EXT 2023"]
[Source "ChessBase"]
[SourceDate "2022.10.05"]
[SourceVersion "1"]
[SourceVersionDate "2022.10.05"]
[SourceQuality "1"]

1. e4 e6 2. d4 d5 3. Nc3 Nf6 4. Bg5 Be7 5. e5 Nfd7 6. h4 Bxg5 7. hxg5 Qxg5 8. Nh3 Qe7 9. Bd3 Kf8 10. Qg4 c5 11. Ng5 h6 12. Nh7+ Rxh7 13. Bxh7 cxd4 14. Qxd4 Nc6 15. Qd2 Ncxe5 16. Bd3 Nxd3+ 17. Qxd3 Ne5 18. Qd2 Nc4 19. Qd4 Kg8 20. b3 Nd6 21. 0-0-0 a6 22. Rde1 Nb5 23. Qd2 Qa3+ 24. Kd1 Qa5 25. Nxb5 axb5 26. Qxa5 Rxa5 27. Kd2 Rxa2 28. Ra1 Ra6 29. Kd3 Kf8 30. Kd4 Rc6 31. c3 1/2-1/2

[Event "Schleswig Holstein-ch U16 Vormeister"]
[Site "Neumuenster"]
[Date "2010.04.09"]
[Round "7"]
[White "Lentz, Florian"]
[Black "Gutschenreiter, David"]
[Result "0-1"]
[WhiteElo "1240"]
[BlackElo "1108"]
[PlyCount "112"]
[EventDate "2010.04.05"]
[EventType "swiss"]
[EventRounds "9"]
[EventCountry "GER"]
[SourceTitle "EXT 2023"]
[Source "ChessBase"]
[SourceDate "2022.10.05"]
[SourceVersion "1"]
[SourceVersionDate "2022.10.05"]
[SourceQuality "1"]

1. e4 Nf6 2. Nc3 d5 3. exd5 Nxd5 4. Bc4 Nxc3 5. Qf3 e6 6. Qxc3 Qg5 7. Qf3 Nc6 8. d4 Qa5+ 9. Bd2 Qb6 10. c3 Qxb2 11. Rd1 Be7 12. Qg3 0-0 13. Qxc7 Bg5 14. Qg3 Bxd2+ 15. Rxd2 Qb1+ 16. Rd1 Qe4+ 17. Ne2 Na5 18. Bd3 Qc6 19. 0-0 b6 20. Nf4 Bb7 21. Rfe1 Nc4 22. Be4 Qd7 23. Bxh7+ Kxh7 24. Qd3+ Kg8 25. Qxc4 Rac8 26. Qd3 Qc6 27. Rc1 Rfe8 28. Qg3 Qc7 29. Re5 g6 30. Nh5 Red8 31. Nf6+ Kg7 32. Nh5+ Kf8 33. Nf6 Rxd4 34. Re3 Qxg3 35. Rxg3 Rd2 36. Ra1 Rc2 37. h3 R8xc3 38. Rg4 Ke7 39. Ne4 Bxe4 40. Rxe4 Ra3 41. f3 Raxa2 42. Rxa2 Rxa2 43. Rb4 Kd6 44. Kh2 Kc5 45. Rb1 Rc2 46. h4 a5 47. Kh3 Rc3 48. Kg4 a4 49. Kg5 a3 50. Ra1 Kb4 51. Rb1+ Rb3 52. Ra1 Rb2 53. g4 a2 54. h5 gxh5 55. gxh5 Rg2+ 56. Kf6 Ka3 0-1